Songs of the women trouveres
Збережено в:
| Автори: | , , , |
|---|---|
| Формат: | Книга |
| Мова: | Англійська Французька |
| Опубліковано: |
New Haven
Yale University Press
2001
|
| Редагування: | 1a. ed |
| Предмети: | |
| Теги: |
Додати тег
Немає тегів, Будьте першим, хто поставить тег для цього запису!
|
MARC
| LEADER | 00000cam a2200000 a 4500 | ||
|---|---|---|---|
| 001 | UCC7148 | ||
| 003 | CL-VaPUC | ||
| 008 | 190304e20010000us |||||||||||||||||eng|d | ||
| 041 | 0 | 7 | |a eng |2 CL-VaPUC |
| 041 | 0 | 7 | |a fre |2 CL-VaPUC |
| 082 | 0 | 4 | |a 849.120809287 |b DOS |2 21 |
| 100 | 0 | |a Doss-Quinby, Eglal |e author |9 601644 | |
| 700 | 0 | |a Grimbert, Joan Tasker |e author |9 601645 | |
| 700 | 0 | |a Pfeffer, Wendy |e author |9 601646 | |
| 700 | 0 | |a Aubrey, Elizabeth |e author |9 601647 | |
| 245 | 1 | 0 | |a Songs of the women trouveres |
| 250 | |a 1a. ed | ||
| 300 | |a 283 p | ||
| 942 | |c BK | ||
| 945 | |d 20190304 12:48:00 |a dcastane | ||
| 260 | |a New Haven |b Yale University Press |c 2001 | ||
| 650 | 0 | |a Poesía francesa |9 264947 | |
| 650 | 0 | |a Música francesa |9 306438 | |
| 650 | 0 | |a Canciones francesas |9 601648 | |
| 583 | |a last modification |c 20190304 12:48:00 |k Rodrigo Vera | ||
| 999 | |c 373876 |d 373874 | ||
| 952 | |0 0 |1 0 |3 erb |4 0 |6 849_120809287000000_DOS_2001 |7 0 |8 R |9 492129 |a BIBEDU |b BIBEDU |i 5533937 |o 849.120809287 DOS 2001 |p 5533937 |r 2023-01-12 |w 2019-11-24 |y BK_R |z Catalogado en:20190304 |k MUS | ||